| 000 | 02777cam a22002891i 4500 | ||
|---|---|---|---|
| 003 | SA-RiAUC | ||
| 005 | 20250206080747.0 | ||
| 008 | 250202s2006 ua o g 000 0 ara c | ||
| 020 | _a9776048307 | ||
| 040 |
_aSA-RiIMS _bara _cSA-RiAUC _dKAC _erda |
||
| 043 | _aa-su--- | ||
| 082 | 0 | 4 |
_a953.121 _qSA-RiAUC |
| 090 |
_a953.121 _b ب ا ن |
||
| 100 | 1 |
_aبانة، أماني هاشم _eمؤلف. |
|
| 245 | 1 | 0 |
_aمكة المكرمة قبلة الدنيا : _bعاصمة الثقافة الإسلامية : البلد الأمين-أم القرى-مكة-بكة-البلد-الوادي-القرية-معاد / _cأماني هاشم بانة. |
| 250 | _aالطبعة الأولى. | ||
| 264 | 1 |
_aالقاهرة : _bدار القاهرة، _c2006 |
|
| 300 |
_a70 صفحة : _bصور ؛ _c24 سم |
||
| 336 |
_aنص _btxt _2rdacontent _3كتاب |
||
| 337 |
_aبدون وسيط _bn _2rdamedia |
||
| 338 |
_aمجلد _bnc _2rdacarrier |
||
| 504 | _aببليوجرافية : صفحة 69. | ||
| 520 | _aيتناول الكتاب تاريخ مكة المكرمة وأهميتها الدينية والثقافية عبر العصور، يستعرض الكتاب كيف أصبحت مكة المكرمة مركزا دينيا منذ العصور القديمة، بدءا من بناء الكعبة على يد النبي إبراهيم عليه السلام، مرورا بفترة الجاهلية، وصولا إلى العصر الإسلامي حيث أصبحت مكة قبلة المسلمين ومركزا للحج والعمرة، ويناقش الكتاب دور مكة في نشر الثقافة الإسلامية، وكيف كانت مركزا للعلم والعلماء، ومكانا لتبادل الأفكار والثقافات بين المسلمين من مختلف أنحاء العالم، يتناول الكتاب التطورات العمرانية التي شهدتها مكة عبر العصور، بما في ذلك بناء المسجد الحرام والتوسعات التي شهدها لاستيعاب الأعداد المتزايدة من الحجاج والمعتمرين، كما يوضح الكتاب كيف أثرت مكة على الحياة الاجتماعية والاقتصادية في المنطقة، وكيف كانت مركزا تجاريا هاما بفضل موقعها الجغرافي المميز، ويركز الكتاب على الرمزية الروحية لمكة المكرمة في قلوب المسلمين، وكيف أن زيارة مكة وأداء مناسك الحج والعمرة تعتبر من أهم الشعائر الدينية التي تقرب المسلم من الله. | ||
| 651 | 7 |
_aمكة المكرمة _xتاريخ _2aucsh |
|
| 942 |
_2ddc _cBOOK _n0 |
||
| 949 |
_aSA-JeALM _d250202 _umohamedma123 _n1 |
||
| 999 |
_c5671 _d5671 |
||